000 01440nam a2200241Ia 4500
999 _c51673
_d51673
001 18664
003 GE_BSU
005 20220920122754.0
008 181216s2011||||ge |||||||||||||| ||geo||
040 _cGE_BSU
041 _ageo
080 _a37 ხ-65
100 _aხალვაში, ხათუნა
_95928
245 _aწერა ზოგადი განათლების საბაზო და საშუალო საფეხურზე : დისერტაცია /
_cხათუნა ხალვაში; სამეცნიერო ხელმძღვანელი ციალა მეგრელაძე; ბათუმის შოთა რუსთაველის სახელმწიფო უნივერსიტეტი.
264 _aბათუმი,
_c2011.
300 _a176 გვ.;
_b30 სმ.
653 _aდისერტაცია
653 _aპედაგოგიკა
653 _aწერა ზოგადი განათლების საბაზო და საშუალო საფეხურზე
700 _aმეგრელაძე, ციალა
_eსამეცნიერო ხელმძღვანელი
_91081
710 _aბათუმის შოთა რუსთაველის სახელმწიფო უნივერსიტეტი.
_911725
942 _cBK
_2udc